Top 10 Formula One Drivers Starting With 'P' - Statistics

General Stats
  • This quiz has been taken 62 times
  • The average score is 7 of 10
Answer Stats
Lp. Nationality Career Driver % Correct
1 French 1980-1993 Alain Prost
98%
5 Mexican 2011- Sergio Perez
96%
2 Brazilian 1978-1991 Nelson Piquet
92%
3 Swedish 1970-1978 Ronnie Peterson
88%
4 Italian 1977-1993 Riccardo Patrese
80%
8 French 1994-2004 Olivier Panis
64%
6 French 1978-1982 Didier Pironi
58%
7 Brazilian 1972-1977 Carlos Pace
52%
9 American 1950-1958 Johnnie Parsons
20%
10 British 1974-1977 Tom Pryce
18%
No matching quizzes found
Score Distribution
Percent of People with Each Score
Percentile by Number Answered
Your Score History
You have not taken this quiz